000 00756nam a2200301Ia 4500
001 Z_5404
003 CHAP
008 220113s2005 xx 000 0 und d
010 _a168474
020 _a0-9695600
040 _cCHAP
082 _a636.5 L4 2005
100 _aLeeson, Steven
_965622
245 _aCommercial poultry nutrition /
_cby Steven Leeson and John D. Summers
250 _a3 ed.
260 _aOntario, Canada :
_bUniversity books,
_c2005
300 _a398 p. + bib.
500 _ac.1 fotocopia
650 _aAves de corral
_xNutrición
_98672
650 _aAvicultura
_98703
700 _aSummers, John
_9142744
901 _a636.5 L4 2005
902 _aM
910 _a2005
942 _c1
942 _cc1
999 _c168474
_d168474